000
00321nam a22001337a 4500
020
_a
978-0-00-734115-3
082
_a
030
_b
COL/A
100
_a
COLLINS
245
_a
ADVANCED ILLUSTRATED DICTIONARY
260
_a
GREAT BRITAIN
_b
HARPER COLLINS
_c
2010
300
_a
1891
650
_a
DICTIONARY
_z
UNITED KINGDOM
942
_c
BK
999
_c
2047
_d
2047